000 02603cab a2200277 ab4500
005 20221111063555.0
008 991125c2014 sp qr p o 000 0 spa d
035 _aUPN01000205015
040 _aMX-MxUPN
_bspa
_cMX-MxUPN
_eaacr2
049 _aART-E
100 1 _aJarauta Borrasca, Beatriz
100 1 _ubjarauta@ub.edu
245 1 3 _aEl aprendizaje colaborativo en la universidad
_b: referentes y práctica
_h[recurso electrónico en línea]
506 0 _aAcceso abierto
520 3 _aEste artículo tiene como objetivo describir una experiencia de aprendizaje llevada a cabo en los grados de Pedagogía y Maestro/a de Educación Primaria de la Universidad de Barcelona (UB). En concreto, el artículo analiza la implementación de la estrategia de los “Seminarios Colaborativos” en dos asignaturas troncales. La finalidad de la propuesta era potenciar la competencia de trabajo en equipo en el alumnado a la vez que contribuir al aprendizaje de contenidos nucleares pertenecientes a ambas asignaturas. En primer lugar, se presentan los referentes teóricos que inspiraron el proyecto y sustentaron buena parte de las decisiones tomadas por el equipo docente. Seguidamente se ofrece información detallada de las características que adoptaron los seminarios y del desarrollo de la propuesta a lo largo de un semestre. En último lugar, se describe el proceso de recogida de datos y se presentan los resultados. Para la valoración de la experiencia se utilizaron diversas estrategias de recogida de información como el cuestionario, los grupos de discusión y la observación participante. Los resultados muestran, entre otros aspectos, que los seminarios colaborativos contribuyen al aprendizaje de contenidos académicos, a la adquisición de ciertas capacidades comunicativas, al desarrollo de la competencia de aprender a aprender y al fomento de capacidades (personales e interpersonales) de trabajo en equipo. Finalmente, el artículo pone de manifiesto las dificultades y obstáculos hallados en el desarrollo de los seminarios colaborativos así como algunas propuestas de mejora de cara a futuras implementaciones.
650 2 _aTrabajo en equipo
_95093
650 4 _91351
_aAprendizaje activo
653 0 _aAPRENDIZAJE COOPERATIVO
653 0 _aDESARROLLO DE HABILIDADES
653 0 _aFORMACION DOCENTE
773 _gVol. 12, no. 4 (2014), p. 281-302
_tREDU: revista de docencia universitaria
_x1887-4592
856 4 _uhttps://polipapers.upv.es/index.php/REDU/article/view/5624
902 _aLeonor Sotres
_bLeonor Sotres/171022/M
905 _aArticulo
942 _cART-E
999 _c177116
_d177116